<?xml version="1.0" encoding="UTF-8"?>
<record
    xmlns:xsi="http://www.w3.org/2001/XMLSchema-instance"
    xsi:schemaLocation="http://www.loc.gov/MARC21/slim http://www.loc.gov/standards/marcxml/schema/MARC21slim.xsd"
    xmlns="http://www.loc.gov/MARC21/slim">

  <leader>01844nam a2200457 i 4500</leader>
  <controlfield tag="001">5234056</controlfield>
  <controlfield tag="003">CZ PrSKC</controlfield>
  <controlfield tag="005">20260428082335.0</controlfield>
  <controlfield tag="007">ta</controlfield>
  <controlfield tag="008">260423s2026    xr a   a      000 u cze  </controlfield>
  <datafield tag="020" ind1=" " ind2=" ">
    <subfield code="a">9788027529308</subfield>
  </datafield>
  <datafield tag="040" ind1=" " ind2=" ">
    <subfield code="a">ABG001</subfield>
    <subfield code="b">cze</subfield>
    <subfield code="e">rda</subfield>
  </datafield>
  <datafield tag="041" ind1="1" ind2=" ">
    <subfield code="a">cze</subfield>
    <subfield code="h">pol</subfield>
  </datafield>
  <datafield tag="072" ind1=" " ind2="7">
    <subfield code="a">821-93-053.4</subfield>
    <subfield code="x">Literatura pro nejmen&#x161;&#xED; d&#x11B;ti</subfield>
    <subfield code="2">Konspekt</subfield>
  </datafield>
  <datafield tag="080" ind1=" " ind2=" ">
    <subfield code="a">821-193</subfield>
    <subfield code="2">MRF</subfield>
  </datafield>
  <datafield tag="080" ind1=" " ind2=" ">
    <subfield code="a">821-93-053.4</subfield>
    <subfield code="2">MRF</subfield>
  </datafield>
  <datafield tag="080" ind1=" " ind2=" ">
    <subfield code="a">(0.025.2)</subfield>
    <subfield code="2">MRF</subfield>
  </datafield>
  <datafield tag="100" ind1="1" ind2=" ">
    <subfield code="a">Pleba&#x144;ski, Tomasz</subfield>
    <subfield code="4">aut</subfield>
    <subfield code="9">20712</subfield>
  </datafield>
  <datafield tag="240" ind1="1" ind2="0">
    <subfield code="a">Zasypianka.</subfield>
    <subfield code="l">&#x10C;esky</subfield>
  </datafield>
  <datafield tag="245" ind1="1" ind2="0">
    <subfield code="a">Rok v lese Usp&#xE1;vanka /</subfield>
    <subfield code="p">Usp&#xE1;vanka /</subfield>
    <subfield code="c">Tomasz Pleba&#x144;ski, Emilia Dziubakov&#xE1;</subfield>
  </datafield>
  <datafield tag="246" ind1="3" ind2="0">
    <subfield code="a">Usp&#xE1;vanka</subfield>
  </datafield>
  <datafield tag="250" ind1=" " ind2=" ">
    <subfield code="a">Prvn&#xED; vyd&#xE1;n&#xED;</subfield>
  </datafield>
  <datafield tag="264" ind1=" " ind2="1">
    <subfield code="a">Brno :</subfield>
    <subfield code="b">Host,</subfield>
    <subfield code="c">2026</subfield>
  </datafield>
  <datafield tag="300" ind1=" " ind2=" ">
    <subfield code="a">26 ne&#x10D;&#xED;slovan&#xFD;ch stran :</subfield>
    <subfield code="b">barevn&#xE9; ilustrace ;</subfield>
    <subfield code="c">17 x 20 cm</subfield>
  </datafield>
  <datafield tag="500" ind1=" " ind2=" ">
    <subfield code="a">Kartonov&#xE9; listy</subfield>
  </datafield>
  <datafield tag="500" ind1=" " ind2=" ">
    <subfield code="a">Text Tomasz Pleba&#x144;ski, ilustrace Emilia Dziubakov&#xE1;</subfield>
  </datafield>
  <datafield tag="500" ind1=" " ind2=" ">
    <subfield code="a">Z pol&#x161;tiny p&#x159;elo&#x17E;il Michael Alexa</subfield>
  </datafield>
  <datafield tag="520" ind1="2" ind2=" ">
    <subfield code="a">Obr&#xE1;zkov&#xE1; kn&#xED;&#x17E;ka s celostr&#xE1;nkov&#xFD;mi ilustracemi na pevn&#xFD;ch listech, o putov&#xE1;n&#xED; mal&#xE9;ho pt&#xE1;&#x10D;ka lesem, pro v&#x161;echny d&#x11B;ti ke klidn&#xE9;mu us&#xED;n&#xE1;n&#xED;.</subfield>
    <subfield code="b">Zv&#xED;dav&#xE1; straka prochod&#xED; cel&#xFD; les, aby nakoukla do v&#x161;ech pel&#xED;&#x161;k&#x16F; se sp&#xED;c&#xED;mi zv&#xED;&#x159;&#xE1;tky, a&#x17E; se i j&#xED; nakonec za&#x10D;nou kl&#xED;&#x17E;it o&#x10D;ka. Z&#xE1;bavn&#xE1; ver&#x161;ov&#xE1;nka k us&#xED;n&#xE1;n&#xED; tematicky navazuje na obl&#xED;benou knihu od stejn&#xE9; ilustr&#xE1;torky: Rok v lese.</subfield>
  </datafield>
  <datafield tag="655" ind1=" " ind2="7">
    <subfield code="a">&#x159;&#xED;kadla</subfield>
    <subfield code="9">478</subfield>
  </datafield>
  <datafield tag="655" ind1=" " ind2="7">
    <subfield code="a">leporela</subfield>
    <subfield code="9">906</subfield>
  </datafield>
  <datafield tag="655" ind1=" " ind2="7">
    <subfield code="a">publikace pro nejmen&#x161;&#xED; d&#x11B;ti</subfield>
    <subfield code="9">9680</subfield>
  </datafield>
  <datafield tag="655" ind1=" " ind2="9">
    <subfield code="a">children's poetry</subfield>
    <subfield code="9">479</subfield>
  </datafield>
  <datafield tag="655" ind1=" " ind2="9">
    <subfield code="a">folding picture-books</subfield>
    <subfield code="9">7353</subfield>
  </datafield>
  <datafield tag="655" ind1=" " ind2="9">
    <subfield code="a">publications for small children</subfield>
    <subfield code="9">9681</subfield>
  </datafield>
  <datafield tag="700" ind1="1" ind2=" ">
    <subfield code="a">Dziubak, Emilia,</subfield>
    <subfield code="d">1982-</subfield>
    <subfield code="4">ill</subfield>
    <subfield code="9">5086</subfield>
  </datafield>
  <datafield tag="700" ind1="1" ind2=" ">
    <subfield code="a">Alexa, Michael,</subfield>
    <subfield code="d">1989-</subfield>
    <subfield code="4">trl</subfield>
  </datafield>
  <datafield tag="710" ind1="2" ind2=" ">
    <subfield code="a">Host (vydavatelstv&#xED;)</subfield>
    <subfield code="4">pbl</subfield>
  </datafield>
  <datafield tag="765" ind1="1" ind2=" ">
    <subfield code="t">Rok w lesie</subfield>
  </datafield>
  <datafield tag="910" ind1=" " ind2=" ">
    <subfield code="a">ABG508</subfield>
  </datafield>
  <datafield tag="952" ind1=" " ind2=" ">
    <subfield code="1">0</subfield>
    <subfield code="2">udc</subfield>
    <subfield code="4">0</subfield>
    <subfield code="0"></subfield>
  </datafield>
  <datafield tag="999" ind1=" " ind2=" ">
    <subfield code="c">34217</subfield>
    <subfield code="d">34217</subfield>
  </datafield>
</record>
